000
00299nam a22001337a 4500
003
SGT
082
_a
370
_b
B14B
100
_a
BAKSHI, N.S.
245
_a
BHARTIYA SHIKSHA KA GYAN KOSH (3 VOLUMES)
260
_a
NEW DELHI
_b
LAKSHAY PUB
_c
2014
300
_a
253
650
_a
EDUCATION
942
_2
ddc
_c
BK
999
_c
12374
_d
12374